MARC details
| 000 -CABECERA |
| campo de control de longitud fija |
01119nam a22002057a 4500 |
| 008 - DATOS DE LONGITUD FIJA--INFORMACIÓN GENERAL |
| campo de control de longitud fija |
251001b |||||||| |||| 00| 0 eng d |
| 020 ## - NÚMERO INTERNACIONAL ESTÁNDAR DEL LIBRO |
| Número Internacional Estándar del Libro |
9781916192003 |
| 040 ## - FUENTE DE LA CATALOGACIÓN |
| Centro/agencia transcriptor |
tbs |
| 041 ## - CÓDIGO DE LENGUA |
| Código de lengua del texto/banda sonora o título independiente |
eng |
| 050 ## - SIGNATURA TOPOGRÁFICA DE LA BIBLIOTECA DEL CONGRESO |
| Número de clasificación |
HF5415.1265 |
| 100 ## - ENTRADA PRINCIPAL--NOMBRE DE PERSONA |
| Nombre de persona |
Jones, Dixon |
| 9 (RLIN) |
25964 |
| Término indicativo de función/relación |
author |
| 245 ## - MENCIÓN DE TÍTULO |
| Título |
Entity SEO |
| Resto del título |
: moving seach from strings to things |
| Mención de responsabilidad, etc. |
/ Dixon Jones. |
| 260 ## - PUBLICACIÓN, DISTRIBUCIÓN, ETC. |
| Lugar de publicación, distribución, etc. |
[Place of publication not identified] : |
| Nombre del editor, distribuidor, etc. |
DHJ Ventures LTD, |
| Fecha de publicación, distribución, etc. |
[Date of publication not identified] |
| 300 ## - DESCRIPCIÓN FÍSICA |
| Extensión |
68 pages : |
| Otras características físicas |
illustrations, tables, charts (color) ; |
| Dimensiones |
28 cm. |
| 520 ## - SUMARIO, ETC. |
| Sumario, etc. |
Entity SEO is the new approach to Search Engine Optimization. It has proved very effective in helping modern search engines better understand, index and return your content. The approach is misunderstood by many "old school" SEOs who still rely on keyword optimization instead of topic optimization to get content ranked.<br/><br/>This book breaks down the mystique and presents Entity SEO and Semantic Search ideas in an easy to digest format. |
| 650 #0 - PUNTO DE ACCESO ADICIONAL DE MATERIA--TÉRMINO DE MATERIA |
| Término de materia o nombre geográfico como elemento de entrada |
Web search engines |
| 9 (RLIN) |
7488 |
| 650 #0 - PUNTO DE ACCESO ADICIONAL DE MATERIA--TÉRMINO DE MATERIA |
| Término de materia o nombre geográfico como elemento de entrada |
Web site development |
| 9 (RLIN) |
7487 |
| 650 #0 - PUNTO DE ACCESO ADICIONAL DE MATERIA--TÉRMINO DE MATERIA |
| Término de materia o nombre geográfico como elemento de entrada |
Internet marketing |
| 9 (RLIN) |
1133 |
| 942 ## - ELEMENTOS DE ENTRADA AGREGADA (KOHA) |
| Fuente del sistema de clasificación o colocación |
Clasificación de Library of Congress |